| 000 | 00561nam a2200181Ia 4500 | ||
|---|---|---|---|
| 999 |
_c36247 _d36247 |
||
| 003 | OSt | ||
| 005 | 20201218105130.0 | ||
| 008 | 190216s9999||||xx |||||||||||||| ||und|| | ||
| 040 | _coclc | ||
| 082 |
_a302.203 _bWAT/D |
||
| 100 |
_aWatson, James D _96339 |
||
| 245 | 2 |
_aA Dictionary Of Communication And Media Studies / _cJames D Watson |
|
| 250 | _a2nd Ed. | ||
| 260 |
_bUniversal Bookstall, _c1991. _aNew Delhi: |
||
| 300 | _a190p | ||
| 650 | _aLibraries For Specific Subjects | ||
| 942 |
_cREF _2ddc _h302.203 _iWAT/D _k302.203 _mWAT/D |
||